| 000 | 01127cab a22002415a 4500 | ||
|---|---|---|---|
| 001 | L147225 | ||
| 008 | 090417s2009 xxk f 000 0 eng d | ||
| 035 | _a(Sirsi) u147225 | ||
| 041 | 0 | _aeng | |
| 100 | 1 | _aAmbrose, Peter | |
| 245 | 0 | 0 | _aWho watches the watchmen? |
| 260 | _c2009 | ||
| 490 | 4 |
_aThe Estate Agent _vApril 2009, 36-39(4) |
|
| 520 | _aExplains how and by whom the HIP supplier is regulated and who is responsible for an inaccurate HIP or a controversial EPC. Concludes that the focus is now on the HIP provider to produce a HIP accurately and completely. Advises that, given the lack of regulation of HIP providers, it is essential to check any suppliers' bone fides. | ||
| 590 | _aKA | ||
| 650 | 2 | 4 | _aHOME INFORMATION PACK (NO. 2) REGULATIONS 2007 |
| 650 | 2 | 4 | _aHOME INFORMATION PACK (AMENDMENT) (NO. 4) REGULATIONS 2008 |
| 650 | 2 | 4 | _aHOME INFORMATION PACK (AMENDMENT) REGULATIONS 2009 |
| 650 | 2 | 4 | _aRESIDENTIAL ENERGY PERFORMANCE CERTIFICATES |
| 651 | 4 |
_aUnited Kingdom _y |
|
| 690 | _aPROPERTY-RESIDENTIAL PROPERTY-ACQUISITION AND DISPOSAL OF RESIDENTIAL PROPERTY-HOME BUYING REFORM | ||
| 942 | _n0 | ||
| 999 |
_c81441 _d81441 |
||